| 000 | 00696nam a22002417a 4500 | ||
|---|---|---|---|
| 003 | UA-OsUOA | ||
| 001 | 94199 | ||
| 007 | ta | ||
| 008 | 20130206b un ||||| |||| 00| 0 ukr d | ||
| 100 | _aКалініченко М. | ||
| 090 |
_a821.161.2 _bК17 |
||
| 942 | _cBK | ||
| 040 |
_aUA-OsUOA _bukr _cUA-OsUOA _dUA-OsUOA |
||
| 245 |
_aПраведності ген _bзбірка поезій у двох частинах |
||
| 300 | _a176 с. | ||
| 955 | _a3 | ||
| 041 | _aukr | ||
| 080 | _a821.161.2 | ||
| 020 | _a978-966-2306-13-2 | ||
| 260 |
_aКанів _bСклянка Часу _c2010 |
||
| 650 | 7 |
_a82 Література. Літературознавство _2UDC |
|
| 999 |
_c380443 _d380443 |
||